Welcome to WEB OPAC of MRSPTU Central Library

Concrete technology (Record no. 3841)

MARC details
000 -LEADER
fixed length control field 00396nam a2200169Ia 4500
008 - FIXED-LENGTH DATA ELEMENTS--GENERAL INFORMATION
fixed length control field 230711s9999||||xx |||||||||||||| ||und||
020 ## - INTERNATIONAL STANDARD BOOK NUMBER
International Standard Book Number 978-93-317-0536-0
041 ## - LANGUAGE CODE
Language code of text/sound track or separate title ENG
082 ## - DEWEY DECIMAL CLASSIFICATION NUMBER
Classification number 624
Item number NA-C
100 ## - MAIN ENTRY--PERSONAL NAME
Personal name Neville,A.M
245 #0 - TITLE STATEMENT
Title Concrete technology
250 ## - EDITION STATEMENT
Edition statement R/23 Ed.
260 ## - PUBLICATION, DISTRIBUTION, ETC.
Date of publication, distribution, etc. 2017
Place of publication, distribution, etc. New Delhi
Name of publisher, distributor, etc. Pearson
650 ## - SUBJECT ADDED ENTRY--TOPICAL TERM
Topical term or geographic name entry element Civil Engineering
700 ## - ADDED ENTRY--PERSONAL NAME
Personal name Brooks,J.J
942 ## - ADDED ENTRY ELEMENTS (KOHA)
Koha item type Book
Holdings
Withdrawn status Lost status Damaged status Not for loan Collection Home library Current library Date acquired Total checkouts Full call number Barcode Date last seen Price effective from Koha item type Cost, normal purchase price Inventory number
          MRSPTU Central Library MRSPTU Central Library     624 NA-C 13000 08/17/2023 08/17/2023 Book    
          MRSPTU Central Library MRSPTU Central Library     624.1834 NE-C 34196 08/17/2023 08/17/2023 Book 699.00 KBD/2016-2017/960142808
          MRSPTU Central Library MRSPTU Central Library     624.1834 NE-C 34197 08/17/2023 08/17/2023 Book 699.00 KBD/2016-2017/960142808

Website Designed and Developed by MRSPTU Central Library Team

E-mail Id: librarian@mrsptu.ac.in